Responses for show #4151 - Monday, September 23, 2002

Contestants

Matt Olsen, an underwriter from Glastonbury, Connecticut

Justine Lisser, a lawyer from Washington, D.C.

Tom Kelso, a credit analyst from Chicago, Illinois (whose 2-day cash winnings total $53,401)

Jeopardy! Round responses

MUSICAL MATTERS
HORSE TALK
SPANISH CLASS
CLASSIC FILMS IN OTHER WORDS
WHAT GRADE DID YOU GET?
AN "F" IN HISTORY
(Alex: That's not good!)
    $200 11
trumpet

Matt
    $200 26
Groucho Marx

Matt
    $200 1
cow

Tom
    $200 16
Dances with Wolves

Justine
    $200 21
coal

Tom
    $200 6
fez

Tom
    $400 12
Dale Evans

Tom
    $400 27
"Four Horsemen of Notre Dame"

Tom
    $400 2
library & bookstore

Matt
    $400 17
12 Angry Men

Justine
    $400 22
champagne

Justine
    $400 7
Ben Franklin

Justine
    $600 13
(Matt: What is a moat?)

motet

JustineMatt
    $600 28
(Tom: What is the battle?)
(Justine: What is a country?)

the rider

TomJustine
Triple Stumper
    $600 3
(Justine: What is yellow?)
(Alex: Amarillo is yellow.)

blue

TomJustine
    $600 18
(Justine: What is "High Noon?")

Midnight Cowboy

TomJustine
    $600 23
junk

Matt
    $600 8
Fidel Castro

Tom
    $800 14
(Tom: What is the piano?)

Frederic Chopin

TomMatt
    $800 29
oats

Justine
    $800 4
(Tom: What is a crocodile?)

lizard

Tom
Triple Stumper
    $800 19
Last Tango in Paris

Tom
    $800 24
paper

Matt
    $800 9
Gerald Ford

Tom
    $1000 15
Eubie

Tom
    $1000 30
horse races

Justine
    $1,000 5
hot

Tom
    $1000 20
Basic Instinct

Tom
    $1000 25
Colombia

Tom
    $1000 10
Federalists

Tom

Scores at the first commercial break (after clue 15):

Tom Justine Matt
$4,200 $400 $800

Scores at the end of the Jeopardy! Round:

Tom Justine Matt
$7,600 $2,000 $2,400

Double Jeopardy! Round responses

CITY WALK
NO. 1 IN THE NFL DRAFT
CONTEMPORARY THEATRE
THE WRIGHT STUFF
BODY PARTS
ODD WORDS
    $400 9
Ottawa, Canada

Tom
    $400 19
Troy Aikman

Tom
    $400 2
Lizzie Borden

Justine
    $400 16
Kitty Hawk

Matt
    $400 26
the chin

Matt
    $400 1
jabberwocky

Tom
    $800 12
Cairo, Egypt

Justine
    $800 20
Earl Campbell

Tom
    $800 6
Linda Tripp

Tom
    $800 17
Frank Lloyd Wright

Justine
    $800 27
fingers

Matt
    $800 3
7

Matt
    $1200 13
"Little Havana"

Tom
    $1200 21
Drew Bledsoe

Tom
    $1200 7
Jacqueline Susann

Justine
    $1200 18
Jim Wright

Tom
    $1200 28
intestines

Justine
    $1200 4
vegetable

Matt
    $1600 14
Rome, Italy

Justine
    $1600 22
Indianapolis Colts

Tom
    $1600 10
(Matt: What is "Body Heat?")

Peggy Sue Got Married

TomMatt
    $1600 24
Erie Canal

Tom
    $2,000 29
(Justine: What is the spinal column?)

vertebrae

Justine
    $1600 5
slough

Tom
    $5,000 15
Nairobi

Justine
    $2000 23
Chuck Bednarik

Tom
    $2000 11
Urinetown

Justine
    $2000 25
Richard Wright

Tom
    $2000 30
(Alex: A reference to Delta Airlines' slogan.)

deltoid muscle

Triple Stumper
    $2000 8
(Matt: What is rubbing your eyes?)

stretching

JustineMatt

Scores at the end of the Double Jeopardy! Round:

Tom Justine Matt
$24,400 $15,000 $2,400

[wagering suggestions for these scores]

Final Jeopardy! Round responses

INAUGURAL ADDRESSES
MattWho is James Carter?
$600
JustineWho is Ronald Reagan?
$5,000
TomWho was R. Reagan?
$5,601
Ronald Reagan

Final scores:

Tom Justine Matt
$30,001 $20,000 $1,800
3-day champion: $83,402 2nd place: $2,000 3rd place: $1,000

Game dynamics:

Coryat scores:

Tom Justine Matt
$24,400 $14,000 $2,400
29 R
(including 1 DD),
3 W
16 R
(including 1 DD),
4 W
(including 1 DD)
11 R,
3 W

Combined Coryat: $40,800

The J! Archive is created by fans, for fans. The Jeopardy! game show and all elements thereof, including but not limited to copyright and trademark thereto, are the property of Jeopardy Productions, Inc. and are protected under law. This website is not affiliated with, sponsored by, or operated by Jeopardy Productions, Inc. Join the discussion at JBoard.tv.